Osiris : mystères engloutis d'Égypte /

محفوظ في:

المؤلف الرئيسي: Goddio, Franck.

التنسيق: كتاب

اللغة: French

منشور في: Paris : Flammarion : Institut du monde arabe, [2015].

الموضوعات:

الوسوم: إضافة وسم

لا توجد وسوم, كن أول من يضع وسما على هذه التسجيلة!

رقم الطلب: BL2450 .O7 G644 2015

LEADER 00900nam a2200241Ia 4500
003 OSt
005 20251013050002.0
008 220401t20152015fr ab bc 000 0 fre d
020 |a 9782081366640 
040 |c ARCE Library 
050 4 |a BL2450 .O7 G644 2015 
100 1 |a Goddio, Franck. 
245 1 0 |a Osiris :   |b mystères engloutis d'Égypte /   |c Franck Goddio, David Fabre. 
264 1 |a Paris :   |b Flammarion :   |b Institut du monde arabe,   |c [2015]. 
264 4 |c ©2015. 
300 |a 249 pages :   |b illustrations (chiefly color), color maps ;   |c 26 cm. 
500 |a Published on the occasion of an exhibition held at the Institut du monde arabe, Sept. 8, 2015-Jan. 31, 2016. 
504 |a Includes bibliographical references (pages 241-248). 
600 0 0 |a Osiris   |c (Egyptian deity)   |v Exhibitions. 
650 0 |a Art, Egyptian   |v Exhibitions. 
901 |a reviewed 
942 |2 lcc  |c BK 
999 |c 47073  |d 47073